000 00714nam a2200205Ia 4500
005 20260121110319.0
008 008 260114s9999 xx 000 0 hin d
020 _a9788132352693
037 _aEBOOK
040 _aCRL
_bhin
_cCRL
041 _ahin
_2hin
084 _qCRL
100 _aपवन कुमार / Pawan Kumar
_9944641
245 0 _aसूचना प्रौद्योगिकी एवं नेटवर्क प्रणाली / Sochna Praudyogiki aur Network Pranali
260 _bभाषा प्रकाशन / Bhasha Prakashan
_c2020
856 _uhttps://bhashaprakashan.com/product-details/382323
942 _cEBOOK
999 _c1536305
_d1536305